The wisdom of many : essays on the proverb

Αποθηκεύτηκε σε:
Λεπτομέρειες βιβλιογραφικής εγγραφής
Άλλοι συγγραφείς: Mieder, Wolfgang (Επιμελητής έκδοσης), Dundes, Alan (Επιμελητής έκδοσης)
Μορφή: Βιβλίο
Γλώσσα:English
Δημοσίευση: Madison, Wis. : University of Wisconsin Press, 1994
Θέματα:
Ετικέτες: Προσθήκη ετικέτας
Δεν υπάρχουν, Καταχωρήστε ετικέτα πρώτοι!

MARC

LEADER 00000nam a2200000 i 4500
001 1/60096
008 071023s1994 eng d
020 |a 0-299-14364-3 
035 |l 10091770 
040 |a GR-MY-UA  |b gre  |e aacr 
041 0 |a eng 
082 0 |a 398.9  |2 (22) 
245 1 4 |a The wisdom of many :  |b essays on the proverb /  |c edited by Wolfgang Mieder and Alan Dundes 
260 |a Madison, Wis. :   |b University of Wisconsin Press,   |c 1994 
300 |a xvi, 330 σ.;  |c 23 εκ. 
504 |a Περιλαμβάνει βιβλιογραφίες και ευρετήριο 
650 0 0 |a Proverbs. 
700 1 |a Mieder, Wolfgang.  |4 edt 
700 1 |a Dundes, Alan.  |4 edt 
852 |a INST  |b RHODES  |e 20071023  |h 398.9 THE  |p 005400025398  |q 005400025398  |t BK  |y 0 
901 |a BIBL4-2007-3 
909 |a Ρ  |b 139749 
922 |a 4ΕΛΗ  |b 200710  |c ΕΠΕΑΕΚ2/ΠΤΔΕ  |d ΠΑΠΑΣΩΤΗΡΙΟΥ 
970 |a ΜΙΣΣΟΣ  |b ΣΤΑΥΡΟΣ  |z 2007/10/23